000 00473nam a2200169Ia 4500
005 20250318144110.0
008 231217s9999 xx 000 0 und d
020 _a9788173669705
082 _a001.6424UML RUM;11 R
100 _aRumbaugh, James. Jacobson, Ivan. Booch, Grady.
245 4 _aThe unified modeling language : Reference manual
250 _a2nd ed.
260 _c2000
_bPearson
_aNew Delhi
300 _a739
650 _aunified,modeling
942 _cAA
999 _c183421
_d183421